| 000 | 00466pab a2200169 454500 | ||
|---|---|---|---|
| 008 | 180718b2008 xxu||||| |||| 00| 0 eng d | ||
| 100 | _aWickramasekara, Piyasiri | ||
| 245 | _aGlobalisation, international labour migration and the rights of migrant workers | ||
| 260 | _c2008 | ||
| 300 | _ap.1247-264. | ||
| 650 | _aMigrant workers | ||
| 650 | _aGlobalization | ||
| 650 | _aLabour migration | ||
| 773 | _aThird World Quarterly | ||
| 908 | _aN | ||
| 909 | _a80235 | ||
| 999 |
_c80235 _d80235 |
||